00558nam a22001817a 4500003001100000005001700011008004100028040003900069041000800108082001300116245002000129260004200149500005800191650001800249942000700267952008700274999001500361LK-CoMWRAF20230908212858.0230908b |||||||| |||| 00| 0 eng d aLK-CoMWRAFdLK-CoMWRAFeLK-CoMWRAF aeng a823bMOR aMoral Stories 2 a Ahmadabad : bNaveet publishing Ltd, aInspirational stories for children (A set of 0 books) aChild Fiction cBK 00104070aMAINbMAINd2023-09-08l0o823 MORpRAF970r2023-09-08w2023-09-08yBK c3495d3495